Planeamiento local en zonas de riesgos ambientales de la Ciudad de Estelí
Presenta un modelo de planeamiento ambiental local en la Ciudad de Estelí. Determina en el marco jurídico normativo establecido para el planeamiento en zonas de riesgo ambientales. Evalúa el estado de vulnerabilidad ambiental de la ciudad de Estelí. Describe indicadores de planeamiento de acuerd...
| Main Authors: | , |
|---|---|
| Other Authors: | |
| Format: | Tesis Section = Libro |
| Language: | Undetermined Spanish |
| Published: |
Managua
UNI
2002
|
| Subjects: |
| LEADER | 01411nam a2200265Ia 4500 | ||
|---|---|---|---|
| 008 | 240830s9999 xx 000 0 und d | ||
| 040 | |a BIBLIOTECA-RUSB/ T.Mon 333.7 A489 | ||
| 041 | |a spa | ||
| 082 | |a T.Mon 333.7 A489 | ||
| 100 | 1 | |a Amaya Benítez, Rúbida Mariby | |
| 100 | 1 | |b González Sánchez, Marcia Idalia | |
| 245 | 1 | 0 | |a Planeamiento local en zonas de riesgos ambientales de la Ciudad de Estelí |
| 260 | |a Managua |b UNI |c 2002 | ||
| 300 | |a 144 p. :il. | ||
| 500 | |a Contiene: anexos. | ||
| 502 | |a Tesis (Especialista en Gestión y Planeamiento Local para Zonas de Riesgos Ambiental) - UNI, 2002. | ||
| 520 | 3 | |a Presenta un modelo de planeamiento ambiental local en la Ciudad de Estelí. Determina en el marco jurídico normativo establecido para el planeamiento en zonas de riesgo ambientales. Evalúa el estado de vulnerabilidad ambiental de la ciudad de Estelí. Describe indicadores de planeamiento de acuerdo a los problema o estado de irregularidad identificados; desarrollo de propuesta de planeamiento en las zonas de riesgo ambiental de la ciudad de Estelí. | |
| 650 | 7 | |a MEDIO AMBIENTE - PLANEAMIENTO - ESTELI | |
| 650 | 7 | |b ZONAS DE RIESGO AMBIENTALES | |
| 650 | 7 | |c VULNERABILIDAD AMBIENTAL - ESTELI | |
| 650 | 7 | |d INDICADORES DE PLANEAMIENTO AMBIENTAL - ESTELI | |
| 700 | 1 | |a Tutor: |b Mendoza Velásquez, Francisco Antonio | |
| 942 | |c BK |2 ddc | ||
| 991 | |a TESIS | ||
| 999 | |c 21666 | ||